000 00298nam a22001337a 4500
008 180313b xxu||||| |||| 00| 0 eng d
020 _a9780757508226
041 _aeng
080 _23rd
_a6112
100 _a7
101 _aANA
245 _aBasic Human physiology
_cPflanzer,R
942 _2udc
_cBK
999 _c44813
_d44813